Análisis y diseño de la gestión de compras en la Dirección de Construcción de Energía del ICE

Zapisane w:
Opis bibliograficzny
1. autor: Zúñiga Jiménez, Juan Carlos
Format: Książka
Wydane: 1995
Hasła przedmiotowe:
Etykiety: Dodaj etykietę
Nie ma etykietki, Dołącz pierwszą etykiete!

MARC

LEADER 00000nam a2200000Ia 4500
003 007754
005 20221231144253.0
008 140114s1995 cr a m 000 ||s d
040 |c cru CEDI  
090 |a TFG 3336 
100 |a Zúñiga Jiménez, Juan Carlos  |9 10668 
245 |a Análisis y diseño de la gestión de compras en la Dirección de Construcción de Energía del ICE 
260 |c 1995 
300 |a  xiii, [164] hojas  
500 |a  Proyecto de graduación (licenciatura en ingeniería industrial)--Universidad de Costa Rica. Facultad de Ingeniería. Escuela de Ingeniería Industrial 
650 |x ICE.. DIRECCION DE CONSTRUCCION DE ENERGIA - ADMINISTRACION  |x GESTION DE COMPRAS  |9 10669 
942 |c TFG  |2 ddc 
999 |c 19365  |d 19365